Elaboración de guías de Laboratorio para modulo- LeXsolar Wind Profesional 1406

Presenta el módulo leXsolar en un evento en el campo de la educación automotriz en China, aquí este módulo fue capaz de presentar sus soluciones para nuevas energías y movilidad eléctrica especialmente en el campo de la formación en ingeniería básica.

Bibliographic Details
Main Authors: Jarquín Mendoza, Amaru Israel, Blanco González, Henry Gustavo
Other Authors: Tutor: Chavarría Condega, Sandro Johasner
Format: Tesis Section = Libro
Language:Undetermined
Spanish
Published: Managua UNI 2020
Subjects:
LEADER 01122nam a2200265Ia 4500
008 240830s9999 xx 000 0 und d
040 |a BIBLIOTECA-RUSB/ Mon 378.17 J37 
041 |a spa 
082 |a Mon 378.17 J37 
100 1 |a Jarquín Mendoza, Amaru Israel 
100 1 |b Blanco González, Henry Gustavo 
245 1 0 |a Elaboración de guías de Laboratorio para modulo- LeXsolar Wind Profesional 1406 
260 |a Managua  |b UNI  |c 2020 
300 |a 80 p. :il. 
500 |a Incluye anexos y CD. 
502 |a Tesis (Ingeniero Eléctrico) - UNI, 2016. 
520 3 |a Presenta el módulo leXsolar en un evento en el campo de la educación automotriz en China, aquí este módulo fue capaz de presentar sus soluciones para nuevas energías y movilidad eléctrica especialmente en el campo de la formación en ingeniería básica. 
650 7 |a ENSEÑANZA APRENDIZAJE 
650 7 |b  GUÍAS DE LABORATORIO 
650 7 |c  GENERACIÓN EÓLICA 
650 7 |d  ENERGÍA. INGENIERÍA ELECTRÓNICA 
700 1 |a Tutor:  |b Chavarría Condega, Sandro Johasner 
942 |c BK  |2 ddc 
991 |a TESIS 
999 |c 22177